| 000 | 01009cam a22002174a 4500 | ||
|---|---|---|---|
| 005 | 20250605164000.0 | ||
| 008 | 250528s ||||||||||||||||||||||||d | ||
| 035 | _a15595 | ||
| 020 | _a137288662 | ||
| 040 |
_aGR-AtMCL _bgre _dGR-AtMCL _eAACR2 |
||
| 245 | 1 | _aProgramming Language Concepts and Paradigms | |
| 260 |
_bPrentice Hall, _c1990 |
||
| 300 | _a326 | ||
| 520 | _aThis book provides an introduction to the concepts underlying programming languages and the major language paradigms. Preface, Introduction, Values, Storage, Bindings, Abstraction, Encapsulation, Type Systems, Sequencers, Concurrency by William Findlay, The Imperative Programming Paradigm, The Concurrent Programming Paradigm, The Object-Oriented Programming Paradigm, The Functional Programming Paradigm, The Logic Programming Paradigm, Conclusion, Bibliography, Index. | ||
| 700 | 1 |
_aFindlay William _91558 |
|
| 700 | 1 |
_aHughes John _91559 |
|
| 700 | 1 |
_aWatt David A _91560 |
|
| 942 | _cBK | ||
| 999 |
_c1165 _d1165 |
||